Material ConneXion : the global resource of new and innovative materials for architects, artists, and designers

Na minha lista:
Detalhes bibliográficos
Autor principal: Beylerian, George M.
Formato: Livro
Idioma:Undetermined
Publicado em: Hoboken, N.J. J. Wiley 2005
Assuntos:
Tags: Adicionar Tag
Sem tags, seja o primeiro a adicionar uma tag!
Thư viện lưu trữ: Trung tâm Học liệu Trường Đại học Cần Thơ
LEADER 00823nam a2200217Ia 4500
001 CTU_164781
008 210402s9999 xx 000 0 und d
020 |c 99 
082 |a 620.11 
082 |b B573 
100 |a Beylerian, George M. 
245 0 |a Material ConneXion : 
245 4 |b the global resource of new and innovative materials for architects, artists, and designers 
245 0 |c George M. Beylerian, Andrew Dent ; edited by Anita Moryadas 
260 |a Hoboken, N.J. 
260 |b J. Wiley 
260 |c 2005 
650 |a Materials,Architecture and technology,Design and technology,Vật liệu xây dựng,Kiến trúc và công nghệ 
650 |x Technological innovations,cải tiến kỹ thuật 
910 |a Nguyên 
980 |a Trung tâm Học liệu Trường Đại học Cần Thơ